00305nam a2200121Ia 4500008004100000041000800041082001300049100002000062245004500082260003100127300001800158365000700176240624s9999 xx 000 0 und d aeng a153 FIW  aFIWA BERNADETTE aHUNCH TURN YOUR EVERYDAY INSIGHTS INTO T c2017bPenguin Random House a163 p.; 20 cm cRS